000 00854nam a2200205 a 4500
005 20140310183401.0
008 121120s19uu xx 00 eng d
020 _a9780761943358
050 _aRC 481
_b.G55 2007
100 _aGillon, Ewan
245 _aPerson-centred counselling psychology :
_ban introduction /
_cEwan Gillon.
260 _aLondon :
_bSAGE,
_c2007.
300 _a211 p. :
_c23 cm.
500 _aIncludes bibliographical references (p. [190]-205) and index
520 _aPresents an introduction to the philosophy, theory and practice of the person-centred approach. This book shows how the person-centred approach relates to others within counselling psychology and to contemporary practices in mental health generally
521 _aPSYCH
650 _aClient-centered psychotherapy
942 _cBK
_2lcc
_kFOR
999 _c22327
_d22327